| 000 | 01683pam a2200325 a 4500 | ||
|---|---|---|---|
| 001 | 2125223 | ||
| 005 | 20210414113952.0 | ||
| 008 | 970710s1998 maua b 001 0 eng | ||
| 010 | _a 97024229 | ||
| 020 | _a0070434360 (alk. paper) | ||
| 040 |
_aDLC _cDLC _dDLC |
||
| 050 | 0 | 0 | _aHF5635.M492 |
| 082 | 0 | 0 |
_a657 _221 |
| 100 | _aMeiggs, Robert F. | ||
| 245 | 0 | 0 |
_aFinancial accounting / _cRobert F. Meigs ... [et al.]. |
| 250 | _a9th ed. | ||
| 260 |
_aBoston, Mass. : _bIrwin/McGraw-Hill, _cc1998. |
||
| 300 |
_a1 v. (various pagings) : _bcol. ill. ; _c29 cm. |
||
| 500 | _aRev. ed. of: Financial accounting / Robert F. Meigs, Walter B. Meigs, Mary A. Meigs. 8th ed. c1995. | ||
| 504 | _aIncludes bibliographical references and index. | ||
| 505 | _aContents: Accounting : The language of business -- Changes in financial position -- Measuring business income and completing the accounting cycle -- Year end -- Accounting for merchandising activities -- Introduction to financial statement analysis and the statement of cash flows -- Financial assets -- Inventories and the cost of goods sold -- Plant assets and depreciation -- Liabilities -- Forms of business organization -- Reporting unusual events and special equity transactions -- Measuring cash flows -- Accounting: concepts, professional judgement and ethical conduct. | ||
| 650 | 0 | _aAccounting. | |
| 700 | 1 | _aMeigs, Robert F. | |
| 700 | 1 | _aBettner, Mark | |
| 700 | 1 | _aWhittington, Ray | |
| 700 | 1 |
_aMeigs, Robert F. _tFinancial accounting. |
|
| 906 |
_a7 _bcbc _corignew _d1 _eocip _f19 _gy-gencatlg |
||
| 942 |
_2lcc _cBK |
||
| 999 |
_c1045 _d8545 |
||